00495pam a2200193 a 4500001000800000005001700008008004100025010001700066020002200083040002300105041000800128060001600136080001900152082002300171100000600194101000800200245005400208504003900262100434320180207033959.0870323s1987 nyua b 001 0 eng c a 87007905  a0444010440 (pbk.) aDNLM/DLCcDLCdDLC aeng aWB 200 P578 a616.0754 JOH00a616.0754 JOH219 a3 aSHM00aPhysical diagnosis :cedited by Siegfried J. Kra. aIncludes bibliographies and index.